UBT Library

PRINCIPLES OF NEURAL SCIENCE (Record no. 60388)

000 -LEADER
fixed length control field 00345nam a22001457a 4500
008 - FIXED-LENGTH DATA ELEMENTS--GENERAL INFORMATION
fixed length control field 230921b ||||| |||| 00| 0 eng d
020 ## - INTERNATIONAL STANDARD BOOK NUMBER
International Standard Book Number 2800838577013
041 ## - LANGUAGE CODE
Language code of text/sound track or separate title eng
080 ## - UNIVERSAL DECIMAL CLASSIFICATION NUMBER
Edition identifier FOURTH EDITION
Universal Decimal Classification number 616.8
082 ## - DEWEY DECIMAL CLASSIFICATION NUMBER
Classification number 616.8KAN
100 ## - Rafti
Rafti 11
101 ## - Shkurtesa
Shkurtesa NEURO
245 ## - TITLE STATEMENT
Title PRINCIPLES OF NEURAL SCIENCE
Statement of responsibility, etc KANDEL .R .E
942 ## - ADDED ENTRY ELEMENTS (KOHA)
Source of classification or shelving scheme
Item type Books
Holdings
Withdrawn status Lost status Source of classification or shelving scheme Damaged status Not for loan Collection code Permanent location Current location Date acquired Total Checkouts Full call number Barcode Date last seen Price effective from Koha item type
          Koleksioni i përgjithshem UBT - Lipjan UBT - Lipjan 09/21/2023   616.8KAN 002-800070351 09/21/2023 09/21/2023 Books
UBT Library © 2015-2024. All rights reserved University Education for Business and Technology